Southville International School and Colleges
Your cart is empty.
  • Cart
  • Lists
    Public lists Eva Luna New books Lux_list list_1
    Your lists Log in to create your own lists
  • Log in to your account
  • Your cookies
  • Search history
Southville International School and Colleges
  • Advanced search
  • Recent comments
  • Most popular
  • Libraries

Log in to your account

Log in with GOOGLE


If you do not have an external account, but do have a local account, you can still log in:

  1. Home
  2. MARC view: Affect-focused dynamic psychotherapy.
Normal view MARC view ISBD view

Affect-focused dynamic psychotherapy. (Record no. 276295)

[ view plain ]
MARC details
000 -LEADER
fixed length control field 00514nam a2200181 a 4500
005 - DATE AND TIME OF LATEST TRANSACTION
control field 20141022142001.0
008 - FIXED-LENGTH DATA ELEMENTS--GENERAL INFORMATION
fixed length control field 110118s19uu xx 00 eng d
020 ## - INTERNATIONAL STANDARD BOOK NUMBER
International Standard Book Number 9781591473015
050 ## - LIBRARY OF CONGRESS CALL NUMBER
Classification number DVD
Item number Mc14 2005
100 ## - MAIN ENTRY--PERSONAL NAME
Personal name McCullough, Leigh
245 ## - TITLE STATEMENT
Title Affect-focused dynamic psychotherapy.
260 ## - PUBLICATION, DISTRIBUTION, ETC. (IMPRINT)
Name of publisher, distributor, etc APA,
Date of publication, distribution, etc 2005.
440 ## - SERIES STATEMENT/ADDED ENTRY--TITLE
Title Series I- Systems of psychotherapy
650 ## - SUBJECT ADDED ENTRY--TOPICAL TERM
Topical term or geographic name as entry element Therapeutic approaches.
650 ## - SUBJECT ADDED ENTRY--TOPICAL TERM
Topical term or geographic name as entry element Treatment-Hands-on-Live sessions.
650 ## - SUBJECT ADDED ENTRY--TOPICAL TERM
Topical term or geographic name as entry element Treatment-Psycholgy.
942 ## - ADDED ENTRY ELEMENTS (KOHA)
Koha item type Audio Visual Materials
Holdings
Withdrawn status Lost status Damaged status Use restrictions Home library Current library Shelving location Date acquired Source of acquisition Cost, normal purchase price Total Checkouts Full call number Barcode Date last seen Price effective from Koha item type
        College Library College Library Audio Visual Material Section 01/18/2011   8696.00   DVD Mc14 2005 AVM0111 11/11/2014 04/12/2014 Audio Visual Materials

Affect-focused dynamic psychotherapy.

APA

McCullough L., . (2005). Affect-focused dynamic psychotherapy. : APA.

Chicago

McCullough Leigh, . 2005. Affect-focused dynamic psychotherapy. : APA.

Harvard

McCullough L., . (2005). Affect-focused dynamic psychotherapy. : APA.

MLA

McCullough Leigh, . Affect-focused dynamic psychotherapy. : APA. 2005.

  • Place hold
  • Print
  • Cite
  • Add to your cart (remove)
  • Save record
    BIBTEX Dublin Core MARCXML MARC (non-Unicode/MARC-8) MARC (Unicode/UTF-8) MARC (Unicode/UTF-8, Standard) MODS (XML) RIS
  • More searches
    Search for this title in:
    Other Libraries (WorldCat) Other Databases (Google Scholar) Online Stores (Bookfinder.com) Open Library (openlibrary.org)

Exporting to Dublin Core...

SOUTHVILLE LIBRARY

Southville International School and Colleges Library

1281 Tropical Ave. Cor. Luxembourg St., BF Homes International, Las Pinas City

Tel. No. 8256374 / 252358 Loc. 117/146

Powered by Koha